1547 1681 1684 1500 1696 1072 1905 1828 1892 1801 1990 1461 1802 1448 1157 1274 1648 1808 1751 1289 1772 1644 1158 1370 1165 1661 1066 1280 1487 1838 1632 1348 1066 1611 1464 1265 1263 1912 1381 1471 1451 1701 1252 1386 1710 1383 1335 1621 1889 1220 1132 1589 1394 1817 1781 1321 1419 1750 1003 1411 1360 1054 1526 1098 1907 1768 1804 1435 1856 1974 1540 1869 1317 1631 1756 1033 1837 1812 1762 1778 1228 1709 1901 1231 1397 1393 1499 1896 1882 1136 1569 1754 1256 1768 1475 1688 1089 1737 1542 BCNSPRNW ULIB Ver.6.0+V

เปลี่ยนเป็นภาษาไทย

Change to English
 แสดงรายละเอียดบรรณานุกรม
  กลับหน้าหลัก

Brief Record : Get Marc (ISO 2709) : E-mail record : QR code < ปิดหน้าต่าง
LEADER : 00000nam 2200000uu 4500
001    13399113581
003     ULIB
008    110627s2553||||th 000 0 tha d
020    9786160601547
090    นว.^bไม่พบรหัส 2553
100 0  Tiara
245 00 ความรู้สึกดีที่เรียกว่ารัก : กับดักรัก/^cTiara
250    พิมพ์ครั้งที่ 1
260    กรุงเทพฯ :^bแจ่มใส,^c2553
300    300 หน้า
710 1  แจ่มใส
945    ^p189^l0^i028060
995    ทศพร
999 ^a ใช้งานได้ทุกระบบ
รายการนี้ยังไม่มีแท็ก
คุณยังไม่ได้ล็อกอิน คุณสามารถมีกิจกรรมร่วมกับเว็บไซต์ได้ แต่ต้องล็อกอินก่อน ::
  ล็อกอิน

รายการสื่อสารสนเทศ

ลำดับที่ ประเภท เลขเรียก/บาร์โค้ด สถานที่ สถานะ
1. นวนิยาย
นวนิยาย
นว. ไม่พบรหัส 2553 ฉ.1 
  Barcode: 028060
ห้องสมุดวิทยาเขตสวรรค์ประชารักษ์
►นวนิยาย
บนชั้น
  ขอยืม

รายการใกล้เคียง
    ผู้แต่ง [Tiara]

BibComment


ยังไม่เคยถูกคอมเมนท์

คอมเมนท์ทรัพยากรรายการนี้
  คอมเมนท์: ความรู้สึกดีที่เร..


 Copyright 2026. Bcnsprnw @Library